000 00289nam a2200133 i 4500
001 bg
245 0 _aKompozycionnye polimernyye materialy.
250 _aWyp.39.
260 _aKiev,
_c1988.
040 _cBPK
041 _apol
942 _cKS
008 s pl f |000 0 pol
999 _c29345
_d29345
856 _uhttp://koha.tu.koszalin.pl/cgi-bin/koha/opac-detail.pl?biblionumber=29345
_yKatalog online BPK